Guide critique et sélectif des paradis fiscaux (Record no. 615)
| 000 -GUIDE | |
|---|---|
| Champ de contrôle de longueur fixe | 00997nam a22002897a 4500 |
| 003 - IDENTITÉ DU NUMÉRO DE CONTRÔLE | |
| Champ de contrôle | BI-BuBU |
| 008 - ÉLÉMENTS DE LONGUEUR FIXE - RENSEIGNEMENTS GÉNÉRAUX | |
| Champ de contrôle de longueur fixe | 091104t fr ||||fr|||| 00| 0 fre d |
| 020 ## - INTERNATIONAL STANDARD BOOK NUMBER | |
| ISBN | 9782840015475 |
| 039 ## - NIVEAU DE CONTRÔLE BIBLIOGRAPHIQUE ET HISTORIQUE D'ENCODAGE [OBSOLETE] | |
| Date creation | mgn |
| 040 ## - SOURCE DU CATALOGAGE | |
| Organisme qui a effectué le catalogage original | BI-BuBU |
| Code de la langue utilisée dans le catalogage | fre |
| Organisme qui a effectué la transcription | BI-BuBU |
| Organisme qui a effectué la modification | BI-BuBU |
| 041 0# - CODE DE LANGUE | |
| Code de langue du texte/de la piste sonore ou du titre distinct | fre |
| 080 ## - INDICE DE LA CLASSIFICATION DÉCIMALE UNIVERSELLE (CDU) | |
| Indice de la Classification décimale universelle | 336.27 |
| 100 1# - VEDETTE PRINCIPALE - NOM DE PERSONNE | |
| Code de relation | aut. |
| Nom de personne | Lamorlette,Thierry |
| 245 1# - MENTION DU TITRE | |
| Titre | Guide critique et sélectif des paradis fiscaux |
| Reste du titre | stratégie des fiscalisations en toute légalité des personnes physiques en France et à l' étranger |
| Mention de responsabilité, etc. | par Thierry Lamorlette, Patrick Rassat, Kristina Clément |
| 250 ## - MENTION D'ÉDITION | |
| Mention d'édition | 5e éd.2008-2009 |
| 260 ## - PUBLICATION, DIFFUSION, ETC. (ADRESSE BIBLIOGRAPHIQUE) | |
| Lieu de publication, diffusion, etc. | Paris |
| Nom de l'éditeur, diffuseur, etc. | Maxima |
| Date of publication, distribution, etc | 2008 |
| 300 ## - DESCRIPTION MATÉRIELLE | |
| Collation | 236 p. |
| Dimensions | 24 cm. |
| 504 ## - NOTE DE BIBLIOGRAPHIE ET INDEX. | |
| Note de bibliographie et index. | Bibliogr. |
| 650 #7 - VEDETTE-MATIÈRE - NOM COMMUN | |
| Vedette de sujet ou vedette comportant un nom géographique | Fiscalité internationale |
| Subdivision générale | Stratégie |
| 9 (RLIN) | 2691 |
| Source du terme | BI-BuBU |
| 650 #7 - VEDETTE-MATIÈRE - NOM COMMUN | |
| Vedette de sujet ou vedette comportant un nom géographique | Fiscalité |
| Subdivision générale | Stratégie |
| Subdivision géographique | France |
| 9 (RLIN) | 2692 |
| Source du terme | BI-BuBU |
| 650 #7 - VEDETTE-MATIÈRE - NOM COMMUN | |
| Vedette de sujet ou vedette comportant un nom géographique | Paradis fiscal |
| 9 (RLIN) | 2693 |
| Source du terme | BI-BuBU |
| 655 ## - TERME D'INDEXATION - GENRE OU FORME | |
| Source du terme | BI-BuBU |
| 700 1# - VEDETTE SECONDAIRE - NOM DE PERSONNE | |
| Nom d'auteur | Rassat, Patrick |
| 9 (RLIN) | 2694 |
| 700 1# - VEDETTE SECONDAIRE - NOM DE PERSONNE | |
| Nom d'auteur | Clément, Kristina |
| 9 (RLIN) | 2695 |
| 942 ## - ÉLÉMENTS D'ENTRÉE ADDITIONNELLE (KOHA) | |
| Source de la classification ou du système de rangement | |
| Type d item koha | BOOK |
No items available.